Normal view
MARC view
- Gutiérrez-López, Gustavo F.
Entry Personal Name
001 - CONTROL NUMBER
- control field: 87
003 - CONTROL NUMBER IDENTIFIER
- control field: OSt
005 - DATE AND TIME OF LATEST TRANSACTION
- control field: 20140612103838.0
008 - FIXED-LENGTH DATA ELEMENTS
- fixed length control field: 140612|| aca||aabn | a|a d
040 ## - CATALOGING SOURCE
- Original cataloging agency: OSt
- Transcribing agency: OSt
100 ## - HEADING--PERSONAL NAME
- Personal name: Gutiérrez-López, Gustavo F.
670 ## - SOURCE DATA FOUND
- Source citation: Work cat.: (OSt)14096: Food science and food biotechnology /, c2003.
